| 000 | 01042cas a22002415a 4500 | ||
|---|---|---|---|
| 001 | L153321 | ||
| 008 | 110711c2008 xxk r wss eng u | ||
| 035 | _a(Sirsi) u153321 | ||
| 041 | 0 | _aeng | |
| 050 | _a333.33 $2 18 | ||
| 110 | 2 |
_aColliers International _95548 |
|
| 245 | 0 | 0 |
_aSpecialist care homes review _h[electronic resource] |
| 260 |
_a[S.l.] _bColliers International _c2008- |
||
| 362 | 0 | _aAutumn 2008- | |
| 490 | 0 |
_aColliers International Specialist Care Homes Review _v2008- |
|
| 520 | _aRegular series of papers that provides in-depth analysis of the specialist care property and business market, focusing on homes that cater for adults with long-term physical and learning disabilities. | ||
| 554 | _aTwo per year | ||
| 650 | 2 | 4 | _aCOLLIERS INTERNATIONAL SPECIALIST CARE HOMES REVIEW |
| 651 | 4 |
_aUnited Kingdom _y |
|
| 690 | _aPROPERTY-COMMERCIAL PROPERTY-COMMERCIAL PROPERTY MARKET | ||
| 856 | 4 | 0 |
_uhttps://www.colliers.com/markets/uk/HealthcareReports _zView the report free of charge at www.colliers.com |
| 942 | _n0 | ||
| 999 |
_c119321 _d119321 |
||